Las funziones iperbólikas i su aplikazión a los problemas de injeniería eléktrica [sic] / (Record no. 137580)

MARC details
000 -LEADER
campo de control de longitud fija 00660nam a2200193 4500
001 - NÚMERO DE CONTROL
campo de control 137580
003 - IDENTIFICADOR DE NÚMERO DE CONTROL
campo de control ES-MaACL
005 - FECHA Y HORA DE LA ÚLTIMA TRANSACCIÓN
campo de control 20250903005545.0
007 - CAMPO FIJO DE DESCRIPCIÓN FÍSICA--INFORMACIÓN GENERAL
campo de control de longitud fija t|
008 - DATOS DE LONGITUD FIJA--INFORMACIÓN GENERAL
campo de control de longitud fija 070214s1913 cl r ||||1| spa d
100 1# - ENTRADA PRINCIPAL--NOMBRE DE PERSONA
Nombre de persona Salazar, A. E.
9 (RLIN) 101796
245 14 - MENCIÓN DEL TÍTULO
Título Las funziones iperbólikas i su aplikazión a los problemas de injeniería eléktrica [sic] /
Mención de responsabilidad, etc. A. E. Salazar.
260 ## - PUBLICACIÓN, DISTRIBUCIÓN, ETC.
Lugar de publicación, distribución, etc. Killota [Valparaíso, Chile] :
Nombre del editor, distribuidor, etc. Franzisko Enrrikez,
Fecha de publicación, distribución, etc. 1913.
300 ## - DESCRIPCIÓN FÍSICA
Extensión 26 p. ;
Dimensiones 25 cm.
500 ## - NOTA GENERAL
Nota general Se ha respetado la ortografía original.
650 07 - PUNTO DE ACCESO ADICIONAL DE MATERIA--TÉRMINO DE MATERIA
Término de materia o nombre geográfico como elemento de entrada Funciones (Matemáticas)
Fuente del encabezamiento o término embne
9 (RLIN) 13014
852 ## - LOCALIZACIÓN
Ubicación ES-MaACL
Número de control de estantería T-1347-F-4
Holdings
Estatus retirado Estado de pérdida Estado de daño No para préstamo Colección Biblioteca de origen Biblioteca actual Ubicación en estantería Fecha de adquisición Fuente de adquisición Total de préstamos Signatura topográfica completa Código de barras Visto por última vez Precio de reemplazo Tipo de ítem Koha
        Colección de folletos Biblioteca del Ateneo de Madrid Biblioteca del Ateneo de Madrid Depósito folletos 17/01/2008     T-1347-F-4 1143169 23/02/2023 23/02/2023 Folleto